00594nam a2200169 a 450000100100000000500170001000800410002702000150006804000250008308200130010810000260012124500620014726000490020930000380025895201110029699900170040700004305120201002040612.0140218s2001 xxua 001 0 spa d a1580083536 aDO-SdBNPbspacBNPHU axxxbxxx1 aKnorr, Rosanne97057510aThe grown-up's guide to retiring abroad /cRosanne Knorr. aBerkeley, Toronto :bTen Speed Press,c2001. ax, 341 p. :bil., mapas ;c23 cm. 001050718MOaGRbGRcCTd2014-02-18iLF1l0oxxx xxxp43051-10r2020-06-25w2020-06-25y1ZNo se presta c42540d42540